Normal view
MARC view
- FAYYAZ AHMAD
Entry Personal Name
001 - CONTROL NUMBER
- control field: 72796
003 - CONTROL NUMBER IDENTIFIER
- control field: NUST
005 - DATE AND TIME OF LATEST TRANSACTION
- control field: 20210628204914.0
008 - FIXED-LENGTH DATA ELEMENTS
- fixed length control field: 210628|| aca||aabn | a|a d
040 ## - CATALOGING SOURCE
- Original cataloging agency: NUST
- Transcribing agency: NUST
100 ## - HEADING--PERSONAL NAME
- Personal name: FAYYAZ AHMAD
670 ## - SOURCE DATA FOUND
- Source citation: Work cat.: (NUST): FAYYAZ AHMAD, , TH-SOF-0753-TO ANALYZE THE LEAD TIME REDUCTION BY THE APPLICATION OF VALUE STREAM MAPPING AND TO DEVELOP, 2001
